000 00325nam a2200133 i 4500
001 bg
100 1 _aSIEMEK, Marek J.
245 0 _aIdea transcendentalizmu u Fichtego i Kanta /
_cMarek J. Siemek.
260 _aWarszawa,
_c1977.
040 _cBPK
041 _apol
942 _cKS
008 s pl f |000 0 pol
999 _c9472
_d9472
856 _uhttp://koha.tu.koszalin.pl/cgi-bin/koha/opac-detail.pl?biblionumber=9472
_yKatalog online BPK